Statistics for Countries That Have Controlled Cyprus

Click here to take the quiz!

General Stats

  • This quiz has been taken 436 times
  • The average score is 10 of 14

Answer Stats

YearsCountry% Correct
1878-1961United Kingdom
92%
1570-1878Ottoman Empire
91%
BC-395Roman Empire
88%
1186-1192Cyprus
86%
1292-1489Cyprus
86%
1961- PresentCyprus
86%
395-657Byzantine Empire
71%
965-1186Byzantine Empire
71%
662-751Umayyad Caliphate
54%
751-948Abbasid Caliphate
52%
657-662Rashidun Caliphate
47%
1192-1292Venice
46%
1489-1570Venice
46%
948-965Buyid Dynasty
38%

Score Distribution

Percentile by Number Answered

Percent of People with Each Score

Your Score History

You have not taken this quiz